000 01172nam0a22002651 4500
001 rc\4948934
005 20250613044552.0
021 _aRU
_b[68-30125]
035 _a(NLR Aleph) 008951881
090 _a9008655
_c9008655
100 _a20130426g19671968|||y0rusy50 ca
101 0 _arus
102 _aRU
105 _aa z |||||
200 1 _aМетодическое пособие для практических занятий по радиометрии альфа- и бета-излучений
_fПод ред. действ. чл. АМН СССР проф. Ф.Г. Кроткова
_gМ-во здравоохранения СССР. Центр. ордена Ленина ин-т усовершенствования врачей. Кафедра радиац. гигиены
210 _aМосква
_cБ. и.
_d1967 [вып. дан. 1968]
215 _a43 с.
_cчерт.
_d20
606 _aРадиометрия
_2psbo
700 1 _aСтавицкий
_bР.В.
_f1930-
_gРоман Владимирович
702 1 _aКротков
_bФ.Г.
_4340
801 0 _aRU
_bNLR
_gpsbo
801 1 _aRU
_bELAR
_2rusmarc
852 _aNLR
_j68-4/9110
942 _cBOOK
980 _aNB